000 00259nam a2200097Ia 4500
008 120527s9999 xx 000 0 und d
100 _aCONMILL and KONNEH
245 _aWorld Historty: Topical Approaces Readings for Historty
260 _bTapestry
942 _cBK
999 _c25462
_d25462